000
00455nam a2200145Ia 4500
005
20260121165307.0
008
260121s9999 xx 000 0 und d
041
_a
mar
100
_a
लांजेकर, जे
245
_a
महात्मा फुलेंची उद्यमशीलता
250
_a
1
260
_b
भारतीय विचार साधना फाउंडेशन
_c
2019
300
_a
183
650
_a
Genral
999
_c
369940
_d
369940